01615nam a2200373 a 4500001001200000003000800012006001900020007001500039008004100054010001700095020002700112020002200139040002100161035002000182050002600202082001500228245010300243260007100346300001800417490004900435504005100484533015200535600008700687600008700774650003100861655002900892700003200921700003200953700004600985710001701031830005001048856012601098999001701224ebr10014879CaPaEBRm u cr cn|||||||||980727s1999 enk sb 001 0 eng  z 98038086  z0521593433 (hardcover) z0521596688 (pbk.) aCaPaEBRcCaPaEBR a(OCoLC)5261081314aB1248.F74bH63 1999eb04a123/.522100aHobbes and Bramhallh[electronic resource] :bon liberty and necessity /cedited by Vere Chappell. aCambridge, U.K. ;aNew York :bCambridge University Press,cc1999. axxxiv, 104 p.1 aCambridge texts in the history of philosophy aIncludes bibliographical references and index. aElectronic reproduction.bPalo Alto, Calif. :cebrary,d2013.nAvailable via World Wide Web.nAccess may be limited to ebrary affiliated libraries.10aHobbes, Thomas,d1588-1679xContributions in concept of free will and determinism.10aBramhall, John,d1594-1663xContributions in concept of free will and determinism. 0aFree will and determinism. 7aElectronic books.2local1 aHobbes, Thomas,d1588-1679.1 aBramhall, John,d1594-1663.1 aChappell, V. C.q(Vere Claiborne),d1930-2 aebrary, Inc. 0aCambridge texts in the history of philosophy.40uhttp://site.ebrary.com/lib/rucke/Doc?id=10014879zAn electronic book accessible through the World Wide Web; click to view c11180d11180